| 000 | 00883nam a2200241 i 4500 | ||
|---|---|---|---|
| 003 | DO-SdBNP | ||
| 005 | 20230815133046.0 | ||
| 007 | ta | ||
| 008 | 180713s2015 000 spa d | ||
| 040 |
_aDO-SdBNP _bspa _cBNPHU |
||
| 082 |
_axxx _bP712 _222 |
||
| 110 | 1 |
_aRepública Dominicana. _bMinisterio de Economía, Planificación y Desarrollo. _911141 _eVice-Ministerio de Planificación, Dirección General de Desarrollo Económico y Social |
|
| 245 | 1 | 0 | _aPlanificación institucional y cadena valor público / |
| 264 | 1 |
_aSanto Domingo : _bMinisterio de Económia, Planificación y Desarrollo, _c2015. |
|
| 300 |
_a47 páginas _c22 cm. |
||
| 336 |
_2rdacontent _atexto _btxt |
||
| 337 |
_2rdamedia _asin mediación _bn |
||
| 338 |
_2rdacarrier _avolumen _bnc |
||
| 490 | 1 |
_aPlanificación ; _v1 ; |
|
| 590 | _aInventariado, 2023 / YL | ||
| 910 | _aYLockward | ||
| 942 |
_2ddc _cLF2 |
||
| 999 |
_c54423 _d54423 |
||